Click Asian Countries on the Map by Flags - Statistics

General Stats
  • This quiz has been taken 266 times
  • The average score is 39 of 48
Answers on the Map
Answers color-coded by a green-red scale on the quiz's map according to % correct below.
 
Answer Stats
Answer % Correct
91%
91%
90%
90%
89%
89%
88%
88%
87%
87%
87%
87%
86%
85%
85%
85%
85%
84%
84%
82%
82%
82%
82%
82%
81%
81%
80%
80%
80%
79%
79%
78%
76%
75%
75%
75%
75%
74%
73%
73%
73%
72%
71%
71%
71%
66%
65%
64%
No matching quizzes found
Score Distribution
Percent of People with Each Score
Percentile by Number Answered
Your Score History
You have not taken this quiz